Normal view
MARC view
Entry Personal Name
001 - CONTROL NUMBER
- control field: 29742
003 - CONTROL NUMBER IDENTIFIER
- control field: ARRUPE
005 - DATE AND TIME OF LATEST TRANSACTION
- control field: 20170411090456.0
008 - FIXED-LENGTH DATA ELEMENTS
- fixed length control field: 170411|| aca||aabn | a|a d
040 ## - CATALOGING SOURCE
- Original cataloging agency: ARRUPE
- Transcribing agency: ARRUPE
100 ## - HEADING--PERSONAL NAME
- Personal name: Anscombe, G. E. M.
- Fuller form of name: (Gertrude Elizabeth Margaret).
- Title of a work: Intention.
670 ## - SOURCE DATA FOUND
- Source citation: Work cat.: (ARRUPE)0: Wiseman, Rachael, author. 29741, Routledge philosophy guidebook to Anscombe's Intention /, 2016